Klíč a rozšírení karpatských druhů Athous carpathicus RTT., Athous mollis RTT., Athous austriacus Desbr. (Coleoptera, Elateridae)

Bibliographic Details
Main Author: Laibner, Stanislav, 1931- (Author)
Format: Article
Language:Slovak
Czech
PhysicalDescription:Obr. 12. Mp. 3. Res. rus., lit. 18 zázn. v slov., češ., angl., nem.
Subjects:

MARC

LEADER 00000nab a2200000 a 4500
001 vtls000208338
003 SK-MaSNL
005 20260304070527.0
008 250423c1985 xo 0 slo
015 |a SNBRB19rr/mm-uuuuu 
035 |a CL0218451 
035 |a urn:nbn:sk:snk-abbeho 
035 |a (urnnbn)urn:nbn:sk:snk:ar-000qwo 
035 |a (uuid)c9075cc7-598b-4bb7-8bbb-a0f75fbfc181 
040 |a SNKBUCL  |b slo  |c SNKBUCL  |e AACR2 
041 0 |a cze 
044 |a xo  |c SK 
080 |a 595.764  |2 1981 
100 1 |a Laibner, Stanislav,  |d 1931-  |4 aut  |9 6363 
245 1 0 |a Klíč a rozšírení karpatských druhů Athous carpathicus RTT., Athous mollis RTT., Athous austriacus Desbr. (Coleoptera, Elateridae)  |c Stanislav Laibner 
300 |b Obr. 12. Mp. 3. Res. rus., lit. 18 zázn. v slov., češ., angl., nem. 
650 0 7 |a Elateridae (čeľaď)  |2 snkbucl  |9 1356678 
650 0 7 |a Athous carpathicus  |2 snkbucl  |9 1356679 
650 0 7 |a Athous mollis  |2 snkbucl  |9 1356680 
650 0 7 |a Athous austriacus  |2 snkbucl  |9 1356681 
655 7 |a články z novín a časopisov  |2 snkbucl  |9 267496 
773 0 |t Biológia  |g Roč. 40, č. 2 (1985), s. 139-148 
850 |a Slovenská národná knižnica 
852 |a Slovenská národná knižnica 
954 |a odborná, vedecká literatúra pôvodná (slovenská)  |2 lita 
958 |a article15 
958 |a OND 
958 |a NB 
958 |a RK 
958 |a EUIPO 
992 |a RBX 
999 |c 2756111  |d 2758041